Statistics for Countries by Picture of Ruler - 1960

Click here to take the quiz!

General Stats

  • This quiz has been taken 737 times
  • The average score is 11 of 16

Answer Stats

Answer% Correct
China
99%
United States
96%
Cuba
95%
Vietnam
87%
Soviet Union
71%
France
70%
Indonesia
68%
United Kingdom
63%
India
60%
Spain
59%
Ethiopia
57%
Yugoslavia
55%
Egypt
54%
Iran
53%
West Germany
42%
Israel
38%

Score Distribution

Percentile by Number Answered

Percent of People with Each Score

Your Score History

You have not taken this quiz